| 000 | 01273nam a22002654a 4500 | ||
|---|---|---|---|
| 001 | UTEA | ||
| 005 | 20251001094824.0 | ||
| 006 | g||||gr||||||01 nz | ||
| 007 | ta | ||
| 008 | 250924b es ||||| |||| 00| 0 spa d | ||
| 020 | _a9788420012469 | ||
| 040 | _aUTEA | ||
| 041 | _aspa | ||
| 082 |
_a631.46 _bL87 2021 |
||
| 100 |
_aLópez Bellido Luis _e autor |
||
| 245 |
_aLa salud del suelo : _bClave de la sostenibilidad y productividad de la agricultura / _cLuis López Bellido _h[Texto Impreso] |
||
| 250 | _a1era edición | ||
| 260 |
_aEspaña; _bEditorial acribia, S.A; _c2021 |
||
| 300 |
_a157 páginas; _bfiguras y tablas; _c14 x 24 cm. |
||
| 505 | _aEl hombre y el suelo -- Funciones y características que definen la calidad del suelos -- Factores que afecta a la salud de los suelos -- Evaluación de la calidad del suelo indicadores -- La función d ela materia orgánica del suelo -- Efectos de los residuos del cultivo, las enmiendas orgánicas y los cultivos de cobertura -- Estrategias para la mejora de la salud en el suelo -- Influencias del suelo en el cambio climático. | ||
| 650 |
_aSALUD DEL SUELO _959486 |
||
| 650 |
_aAGRICULTURA _952429 |
||
| 650 |
_aPRODUCTIVIDAD _959487 |
||
| 942 |
_2ddc _cBK _e2025-09-24 _zCirila Celinda Molina Chirinos |
||
| 999 |
_c17351 _d17351 |
||